• 首页
  • 本馆介绍
  • 公告通知
  • 最新文献
  • 馆藏检索
  • 电子资源
  • 读者导购
  • 参考咨询
  • 我的图书馆
  • 登录
  • 详细信息显示
  • 放入我的书架
  • 预约/预借图书
  • 作者相关作品
  • 分类相关作品
  • 丛书相关作品
  • 出版社相关作品

书目信息

  • 表格格式
  • 工作单格式
  • 卡片格式
题名:
心理测量和人才测评实验指导手册
    
 
作者: 王忠军 , 唐汉瑛 编著
分册:  
出版信息: 广州   世界图书出版广东有限公司  2017.05
页数: 352页
开本: 24cm
丛书名:
单 册:
中图分类: B841.7-62 , C962-62
科图分类:
主题词: 心理测验--手册 , 人员测评--手册
电子资源:
ISBN: 978-7-5192-3034-0
000 01315nam0 2200289 450
001 0108153918
005 20210308154404.0
010    @a978-7-5192-3034-0@dCNY78.00
100    @a20181129d2017 em y0chiy50 ea
101 0  @achi
102    @aCN@b440000
105    @ay z 000yy
106    @ar
200 1  @a心理测量和人才测评实验指导手册@Axin li ce liang he ren cai ce ping shi yan zhi dao shou ce@f王忠军, 唐汉瑛编著
210    @a广州@c世界图书出版广东有限公司@d2017.05
215    @a352页@d24cm
304    @a华中师范大学国家级心理学实验教学示范中心组编
314    @a主编:郭永玉
330    @a本书源于作者的心理测量和人才测评实验教学实践,全书以心理测量和人才测评领域的重要工具和方法为核心,在对心理测量和人才测评的基本原理进行概括性介绍的基础上,对心理测量和人才测评领域的重要工具和方法进行梳理,着重介绍其特点、使用流程和注意事项。全书共分为上下两篇,上篇围绕心理测量教学中的重要工具展开研究,下篇围绕人才测评教学中的重要工具和方法展开研究,对心理学本科生的心理测量和人才测评实验教学进行全面、系统地总结和梳理。
606 0  @a心理测验@j手册
606 0  @a人员测评@j手册
690    @aB841.7-62@v5
690    @aC962-62@v5
701  0 @a王忠军@Awang zhong jun@4编著@f(1975~)
701  0 @a唐汉瑛@Atang han ying@4编著@f(1982~)
801  0 @aCN@bBJSZM@c20210308
905    @b1273343-6@dB841.7-62@e3738@f4
    
    心理测量和人才测评实验指导手册/王忠军, 唐汉瑛编著.-广州:世界图书出版广东有限公司,2017.05
    352页;24cm
    
    
    ISBN 978-7-5192-3034-0:CNY78.00
    本书源于作者的心理测量和人才测评实验教学实践,全书以心理测量和人才测评领域的重要工具和方法为核心,在对心理测量和人才测评的基本原理进行概括性介绍的基础上,对心理测量和人才测评领域的重要工具和方法进行梳理,着重介绍其特点、使用流程和注意事项。全书共分为上下两篇,上篇围绕心理测量教学中的重要工具展开研究,下篇围绕人才测评教学中的重要工具和方法展开研究,对心理学本科生的心理测量和人才测评实验教学进行全面、系统地总结和梳理。
●
相关链接 在E读中查询图书 在五车中查询图书 在当当中查询图书 在豆瓣中查询图书


正题名:心理测量和人才测评实验指导手册     索取号:B841.7-62/3738         预约/预借

序号 登录号 条形码 馆藏地/架位号 状态 备注
1 1273343   212733434   第一样本阅览室/ [索取号:B841.7-62/3738] 在馆    
2 1273344   212733443   教育系资料室/ [索取号:B841.7-62/3738] 在馆    
3 1273345   212733452   教育系资料室/ [索取号:B841.7-62/3738] 在馆    
4 1273346   212733461   第一借阅区/ [索取号:B841.7-62/3738] 在馆    
唐山师范学院图书馆 欢迎您!
大连网信软件有限公司© 版权所有